000 00804nam a2200253Ia 4500
003 OSt
005 20220918172104.0
006 a|||||r|||| 00| 0
007 ta
008 220917b |||||||| |||| 00| 0 eng d
020 _a9789352909650 (hbk)
_cINR 1295.00
024 _a352,802
037 _bIN3863/2019-20, 11/03/2020, R. K. Books
_cTextual
040 _aARTS
_cARTS
_beng
041 _2eng
_aeng
082 _aY:1.2316, Q9
100 _aMallison Francoise Au.
_940193
245 0 _aReligious culture of Gujrat
_b twelfth to twentieth century
260 _aDelhi
_bPrimus Books India
_c2019
300 _axxvi,305p.
_ccm.
650 _aCULTURE
942 _hY:1.2316, Q9
_cTEXL
_2CC
999 _c142551
_d142551